Labour Statistics - Towards Enlargement (Record no. 5405)

MARC details
000 -LEADER
fixed length control field 00547nam a22002177i 4500
001 - CONTROL NUMBER
control field 5619
003 - CONTROL NUMBER IDENTIFIER
control field OSt
005 - DATE AND TIME OF LATEST TRANSACTION
control field 20170126082347.0
007 - PHYSICAL DESCRIPTION FIXED FIELD--GENERAL INFORMATION
fixed length control field tu
008 - FIXED-LENGTH DATA ELEMENTS--GENERAL INFORMATION
fixed length control field 161220s2003 xxu||||| |||| 00| 0 d
020 ## - INTERNATIONAL STANDARD BOOK NUMBER
International Standard Book Number 92-894-5296-X
024 7# - OTHER STANDARD IDENTIFIER
Standard number or code 5619
Source of number or code RID
024 7# - OTHER STANDARD IDENTIFIER
Standard number or code 5619
Source of number or code RSN (alt)
040 ## - CATALOGING SOURCE
Transcribing agency OSt
110 2# - MAIN ENTRY--CORPORATE NAME
Corporate name or jurisdiction name as entry element European Commission
245 00 - TITLE STATEMENT
Title Labour Statistics - Towards Enlargement
Remainder of title 20th CEIES Seminar
260 ## - PUBLICATION, DISTRIBUTION, ETC.
Place of publication, distribution, etc. Luxembourg,
Date of publication, distribution, etc. 2003.
300 ## - PHYSICAL DESCRIPTION
Extent 200 S. ;
Dimensions 30cm.
490 ## - SERIES STATEMENT
Series statement Eurostat News
500 00 - GENERAL NOTE
General note 20th CEIES Seminar, Budapest, Nov. 2002
942 ## - ADDED ENTRY ELEMENTS (KOHA)
Koha item type Book
Holdings
Withdrawn status Lost status Damaged status Not for loan Home library Current library Shelving location Date acquired Inventory number Total Checkouts Full call number Barcode Date last seen Price effective from Koha item type
        WIIW WIIW Library 05/28/2003 5619   7.454 10000897 01/26/2017 01/26/2017 Book
The Vienna Instiute for International Economic Studies (wiiw)